000 00470nam a22001817a 4500
003 MPLRDC
005 20220104113746.0
008 210129b ||||| |||| 00| 0 eng d
020 _a7-5019-5599-9
082 _a192.31 DBZS
100 _a渡边忠司主编
245 _a不出糗
_c伊藤美树绘画; 乔君等译
250 _a一版一刷
260 _a中国
_b轻工业出版社
_c2006
300 _b127
650 _a礼貌; 仪节
942 _cBK
_o192.31 DBZS
999 _c2138
_d2128